[Event "46. Sparkassen Chess-Meeting 2018"]
[Site "Dortmund"]
[Date "2018.07.22"]
[Round "7"]
[White "Kovalev, Vladislav"]
[Black "Kramnik, Vladimir"]
[Result "1/2-1/2"]
[WhiteElo "2655"]
[BlackElo "2792"]
[Annotator "TA"]
[PlyCount "208"]
[EventDate "2018.07.14"]
[EventType "tourn"]
[EventCountry "GER"]
[SourceTitle "playchess.com"]
[Source "ChessBase"]
[SourceQuality "1"]

{[%evp 17,208,0,0,0,0,0,8,0,14,-16,-16,-27,-27,-25,0,-14,-4,0,0,0,0,0,0,0,0,0,0,0,0,0,0,0,0,0,0,0,0,0,0,0,0,0,0,0,447,448,424,423,573,531,563,415,610,636,943,933,712,976,872,886,984,827,477,420,251,259,1949,1947,2007,1748,1387,1349,1602,1365,2201,1787,6200,4985,12846,12850,29943,29944,12849,2151,29944,12849,11440,0,1337,28,28,28,28,28,28,28,28,28,28,28,28,28,28,28,28,28,28,28,28,28,28,28,28,28,28,28,28,28,28,28,28,28,28,28,28,28,28,28,28,28,28,28,28,28,28,0,28,28,28,28,28,28,28,28,28,28,28,28,28,28,28,28,28,28,28,28,28,28,22,20,28,28,28,28,28,28,28,28,28,0,28,28,28,20,28,28,28,22,28,28,28,28,28,22,28,0,28,0,28,20,20,0,0]} 1. e4 e5 2. Nf3 Nc6 3. d4 exd4 4. Bc4 Bc5 5. Ng5 Nh6 6. Nxf7 Nxf7 7. Bxf7+ Kxf7 8. Qh5+ g6 9. Qxc5 d5 {LiveBook: 7 Games. C44: Ponziani Opening and Scotch Gambit} (9... d6 10. Qb5 Kg7 11. O-O Qe7 12. Qd3 Re8 13. f3 Be6 14. c3 Qf6 15. cxd4 Qxd4+ 16. Qxd4+ Nxd4 17. Nc3 {0-1 (80) Bernabeu Lopez,C (2335)-Blanco,C (2345) Linares 2017}) 10. O-O dxe4 11. c3 Re8 12. cxd4 Nxd4 $146 ({Predecessor:} 12... Qxd4 13. Qa3 Qb4 14. Qe3 Bf5 15. Bd2 Qd4 16. Qb3+ Be6 17. Qg3 {1-0 (31) Dannenberg/Schellenberg-Seidel/Schmid Dresden 1873}) 13. Nc3 b6 $1 {[%cal Rb6c5]} 14. Qc4+ Be6 15. Qa4 c5 16. Nxe4 Bd5 17. f3 Bxe4 18. fxe4+ Kg7 19. Qc4 Kh8 (19... Rxe4 $2 20. Qf7+ Kh8 21. Bh6 $18) 20. b4 Rxe4 21. Bb2 Qg8 22. Rf7 Rf8 23. Rxf8 $1 Qxf8 24. bxc5 $40 {[%mdl 128] White attacks.} bxc5 25. Rf1 Qe7 26. Qd5 Kg7 27. h3 g5 28. Bc3 a6 29. Kh1 Kh6 30. Rb1 Nb5 $2 {[%mdl 8192] [#]} (30... Rf4 $11 {and Black stays safe.}) 31. Bf6 $1 $18 {[%mdl 512]} Qxf6 32. Qxe4 {[%mdl 4096] Endgame KQR-KQN} Nc3 {[#]} 33. Qf3 $1 {[%cal Rf3f6]} Qxf3 34. Rb6+ Kh5 (34... Kg7 $142 35. gxf3 Nxa2) 35. gxf3 Nxa2 {KR-KN} 36. Rc6 Nb4 37. Rxc5 Nd3 38. Ra5 Kh4 39. Kh2 Nf4 40. Rxa6 {White wants to mate with Rh6+.} Kh5 41. Rd6 Ne2 $2 (41... h6 42. Kg3 Ne2+ 43. Kg2 Nf4+ 44. Kh2 Ne2) 42. Rd2 Nf4 43. Kg3 Ng6 44. Rd7 {[%cal Rd7h7]} h6 45. Rf7 Ne5 46. Rf5 Ng6 47. Ra5 Nf4 48. h4 Ne2+ 49. Kf2 Nf4 50. hxg5 hxg5 51. Ke3 Ng2+ 52. Kf2 (52. Ke4 $142 Kh4 53. Rc5) 52... Nf4 53. Ra8 $2 (53. Ra6 $18 Nd5 54. Ra5) 53... Kg6 $11 54. Ke3 Ng2+ $1 55. Ke4 Nh4 $1 56. Ra6+ Kf7 57. Ra2 (57. Ra7+ Kf6 $18) 57... Kf6 58. Ra1 (58. Ra6+ Kg7 $18) 58... Ke6 59. Rh1 (59. Ra6+ Kf7 $18) 59... Ng6 60. Rh6 Kf6 61. Rh7 Nh4 62. Ke3 (62. Rh6+ Ng6 $18) 62... Ng6 63. Ra7 Nh4 64. Ra6+ Kf5 65. Kf2 (65. Ra5+ Kg6 $18) 65... Ng6 66. Kg3 Ne5 67. Ra8 Ng6 68. Rg8 Ne5 69. Rf8+ Ke6 70. Kf2 Ng6 71. Rb8 (71. Rd8 {is more complex.} Ke5 72. Rg8 Kf5 73. Rb8 Nf4 74. Rb7) 71... Kf5 72. Rb5+ Kf6 73. Ra5 Ne5 74. Ke2 (74. Ra6+ Kf5 $18) 74... Ng6 75. Ra6+ Kf5 76. Ke3 Nh4 $1 77. Ra5+ Kf6 78. Ke4 (78. Ra6+ Kf5 $18) 78... Kg6 $1 79. Ra1 (79. Ra6+ Kh5 $18) 79... Kf6 80. Rg1 ({Less strong is} 80. Ra6+ Kf7 $18) 80... Nf5 81. Rg2 Nh4 82. Rh2 {Strongly threatening Rb2.} Ng6 83. Rh5 Nf4 84. Rh8 Ng6 $1 {[%cal Rg6h8]} 85. Rb8 Nh4 $1 86. Rg8 Ng6 87. Kd4 Kf5 88. Ke3 {Hoping for Ra8.} Kf6 89. Ke4 Kf7 90. Rb8 Nh4 $1 91. Rc8 ({Weaker is} 91. Rb7+ Kg6 $18) 91... Kf6 92. Rc1 {Rc6+ is the strong threat.} Ke6 93. Ke3 {Threatens to win with Ke4.} (93. Rc6+ Kf7 $18) 93... Kf5 94. Rc5+ Kf6 95. Rb5 {aiming for Ke4.} ({Not} 95. Rc6+ Kf5 $18) 95... Ng6 96. Ke4 Nh4 $1 97. Rd5 {Black must now prevent Rc5.} Kg6 98. f4 gxf4 99. Kxf4 {And now Kg4 would win.} Kf7 100. Kg5 Nf3+ 101. Kf4 Nh4 102. Kg5 Nf3+ 103. Kg4 Ke6 104. Kxf3 {Ke4 would kill now.} Kxd5 {Precision: White = 74%, Black = 70%.} 1/2-1/2